College Quizbowl Stats
College Quizbowl Stats
Circuits
Seasons
Sets
Records
Detailed Stats
About
Loading...
2024 ACF Fall at North Carolina
Tossups
Bonuses
Players
Teams
Categories (Tossup)
Categories (Bonus)
Evan Foster
Appalachian State B
Categories
Category
Powers
Gets
Negs
BBs
Points
Earliest Buzz
Avg. Buzz
First Buzzes
Top 3 Buzzes
BPA
PVF
Science - Biology
0
2
0
2
20
100
101.50
0
0
0.00
0.00
Science - Other
0
2
0
1
20
73
91.50
0
0
0.00
0.00
Fine Arts - Other
0
1
0
0
10
70
70.00
0
1
0.00
0.00
Pop Culture
0
1
0
0
10
84
84.00
0
0
0.00
0.00
Buzzes
Category
Answer
Value
Buzz Position
Fine Arts - Other
earrings
10
70
Science - Other
regression
10
73
Pop Culture
Challengers
10
84
Science - Biology
eyes
10
100
Science - Biology
malaria
10
103
Science - Other
oxygen
10
110
Previous
1
Next